عرض عادي
عرض مارك
- Man-woman relationships
مدخل مصطلح موضوعي
001 - رقم الضبط
- حقل الضبط: 48193
003 - معرف رقم الضبط
- حقل الضبط: OSt
005 - تاريخ ووقت أخر عملية
- حقل الضبط: 20150707083116.0
008 - عناصر بيانات ثابتة الطول
- حقل تحكم ثابت الطول: 150707|| aca||aabn | a|a d
040 ## - مصدر الفهرسة
- هيئة الفهرسة الأصلية: OSt
- وكالة الكتابة: OSt
150 ## - مدخل-- مصطلح تاريخي
- عنصر مدخل المصطلح الموضوعي او الاسم الجغرافي: Man-woman relationships
- تفريع شكلي: Drama
670 ## - بيانات المصدر موجوده
- الاستشهاد بالمصدر: Work cat.: (OSt)0: Shaw, Bernard, 1856-1950 48192, Pygmalion :, 2003.
